[Event "Druzynowe Mistrzostwa Polski Juniorow 2019 - II Liga"]
[Site "Szczyrk"]
[Date "1899-12-30"]
[Round "11.36"]
[White "Bialek, Alicja"]
[Black "Czarkowska, Dalia"]
[Result "1-0"]
[WhiteTitle "I"]
[BlackTitle "II+"]
[WhiteElo "1367"]
[BlackElo "1000"]

1. e4 c5 2. Nf3 e6 3. d4 cxd4 4. Nxd4 Nc6 5. Be3 Nf6 6. Nc3 Bb4 7. Bd3 O-O 8. O-O
Qc7 9. Nce2 Ng4 10. Bf4 e5 11. Nxc6 dxc6 12. Bg3 c5 13. c4 Rd8 14. Qc2 Qd6 15.
Rad1 Be6 16. Nc3 Bd7 17. Be2 Qe6 18. Nd5 Ba5 19. h3 Nh6 20. a3 Qe8 21. Qc1 Qe6
22. b4 Bb6 23. bxc5 Ba5 24. Qb2 Re8 25. Rd3 Rab8 26. f4 Qa6 27. f5 f6 28. Nxf6+
Qxf6 29. Rxd7 Qc6 30. Rd5 Bc7 31. Qb5 Qf6 32. Rd7 Rec8 33. Rfd1 Nf7 34. Qa4 a6
35. Rb1 Qg5 36. Bf2 Nd8 37. Qd1 Nc6 38. Bh5 Ba5 39. Rbxb7 Rxb7 40. Rxb7 Bd8 41.
Qd7 Qc1+ 42. Kh2 Qf4+ 43. Bg3 Be7 44. Qxc8+ Bf8 45. Bf7+ Kh8 46. Qxf8# 1-0

[Event "Druzynowe Mistrzostwa Polski Juniorow 2019 - II Liga"]
[Site "Szczyrk"]
[Date "1899-12-30"]
[Round "11.37"]
[White "Hrymowicz, Artur"]
[Black "Lewandowski, Wiktor"]
[Result "1-0"]
[WhiteTitle "I++"]
[BlackTitle "II+"]
[WhiteElo "2052"]
[BlackElo "1749"]

1. e4 c5 2. Nf3 e6 3. d4 cxd4 4. Nxd4 Nc6 5. Nc3 Qc7 6. Be3 a6 7. Be2 Nf6 8. O-O
Bb4 9. Na4 Be7 10. c4 O-O 11. Nc3 d6 12. Qd2 Ne5 13. Rac1 b6 14. f3 Bb7 15. Rfd1
Rfd8 16. Bf1 Rac8 17. Qf2 Ned7 18. b4 Ba8 19. Nb3 Qb7 20. Na4 Rb8 21. c5 bxc5
22. bxc5 dxc5 23. Naxc5 Bxc5 24. Nxc5 Nxc5 25. Bxc5 h6 26. Bd6 Rbc8 27. Rb1 Qc6
28. Rb6 Qd7 29. Bxa6 Rc6 30. Bb5 Ne8 31. Bxc6 Bxc6 32. e5 Rc8 33. Qb2 Bd5 34.
a3 Qa7 35. Rb1 Qa4 36. Qb4 Qc2 37. Rb8 Nxd6 38. exd6 1-0

[Event "Druzynowe Mistrzostwa Polski Juniorow 2019 - II Liga"]
[Site "Szczyrk"]
[Date "1899-12-30"]
[Round "11.38"]
[White "Kejna, Piotr"]
[Black "Strepikowski, Pawel"]
[Result "1-0"]
[WhiteTitle "CM"]
[BlackTitle "I"]
[WhiteElo "1726"]
[BlackElo "1639"]

1. e4 Nc6 2. d4 e5 3. Nf3 exd4 4. Nxd4 Bc5 5. Be3 Qf6 6. c3 Nge7 7. Bc4 d6 8. O-O
Ne5 9. Nb5 Nxc4 10. Bxc5 Bd7 11. Nxc7+ Kd8 12. Bd4 Qg6 13. Nxa8 Nc6 14. b3 N4e5
15. Bxe5 dxe5 16. Qd3 Kc8 17. Na3 Rd8 18. Nb5 Kb8 19. Qd6+ Qxd6 20. Nxd6 f6 21.
Rfd1 Kxa8 22. Nf7 1-0

[Event "Druzynowe Mistrzostwa Polski Juniorow 2019 - II Liga"]
[Site "Szczyrk"]
[Date "1899-12-30"]
[Round "11.39"]
[White "Taranowicz, Michal"]
[Black "Eigner, Jerzy"]
[Result "0-1"]
[WhiteTitle "I"]
[BlackTitle "II+"]
[WhiteElo "1630"]
[BlackElo "1516"]

1. e4 c5 2. Nf3 a6 3. g3 Nc6 4. d3 g6 5. h4 Bg7 6. Bg2 d6 7. O-O e5 8. Nbd2 Nge7
9. Re1 O-O 10. Nf1 h6 11. Be3 Be6 12. Qd2 Kh7 13. Kh2 Qd7 14. c3 f5 15. Bh3 fxe4
16. Bxe6 Qxe6 17. Ng1 exd3 18. Qxd3 Rad8 19. Nh3 Kh8 20. Nd2 Nf5 21. Kg2 Nxe3+
22. Qxe3 Qf5 23. Rad1 b6 24. Nc4 d5 25. Nxb6 d4 26. cxd4 cxd4 27. Qd3 Qxd3 28.
Rxd3 Nb4 29. Rb3 Nc2 30. Rd1 Rfe8 31. Rd2 d3 32. f3 e4 33. fxe4 Rxe4 34. Nf4 Bd4
35. Nxg6+ Kg7 36. Nf4 Be3 37. Rdxd3 Ne1+ 38. Kh3 Nxd3 39. Nxd3 Bxb6 40. Rxb6 Rxd3
41. Rxa6 Ree3 42. Ra7+ Kf6 43. Ra6+ Ke5 44. Rg6 Rd2 45. Rxh6 Rxb2 46. a4 Rbb3
47. Rg6 Kf5 48. Rg4 Re1 49. Rg5+ Kf6 50. a5 Ra3 51. Kg4 Rea1 52. Rf5+ Ke6 53.
Rg5 Rxa5 54. Rg6+ Kf7 55. Rb6 Re1 0-1

[Event "Druzynowe Mistrzostwa Polski Juniorow 2019 - II Liga"]
[Site "Szczyrk"]
[Date "1899-12-30"]
[Round "11.40"]
[White "Komendecki, Antoni"]
[Black "Kitewski, Bartosz"]
[Result "1-0"]
[WhiteTitle "II"]
[BlackTitle "II"]
[WhiteElo "1416"]
[BlackElo "1447"]

1. e4 e6 2. d4 d5 3. Bd3 c5 4. exd5 exd5 5. Nf3 Nc6 6. O-O c4 7. Re1+ Be7 8. Be2
Nf6 9. b3 cxb3 10. axb3 O-O 11. Bb5 Bg4 12. Bxc6 bxc6 13. h3 Bxf3 14. Qxf3 Ne4
15. Ba3 Qa5 16. Qe2 Rfe8 17. Bb2 Qb6 18. Qa6 Bf6 19. Rd1 h6 20. Qd3 c5 21. f3
Ng3 22. Kh2 Qb8 23. f4 Ne4 24. Qf3 a5 25. Ra3 Qa7 26. Ra4 Qc7 27. Nc3 cxd4 28.
Nxd5 Qxc2 29. Bxd4 Bh4 30. Rc4 Bg3+ 31. Kg1 Qa2 32. Nc7 Rab8 33. Nxe8 Rxe8 34.
Ra1 Qd2 35. Be3 Qd3 36. Rd4 1-0

[Event "Druzynowe Mistrzostwa Polski Juniorow 2019 - II Liga"]
[Site "Szczyrk"]
[Date "1899-12-30"]
[Round "11.41"]
[White "Bohdanowicz, Nikola"]
[Black "Lascar, Maria Elena"]
[Result "0-1"]
[WhiteTitle "I"]
[BlackTitle "I+"]
[WhiteElo "1266"]
[BlackElo "1590"]

1. d4 Nf6 2. Nf3 e6 3. Bg5 c5 4. c3 d5 5. Nbd2 cxd4 6. Nxd4 h6 7. Bh4 g5 8. Bg3
Nh5 9. e3 Nxg3 10. hxg3 Bg7 11. Bb5+ Bd7 12. Qa4 a6 13. Bxd7+ Qxd7 14. Qxd7+ Nxd7
15. N2b3 b6 16. Rc1 Rc8 17. Ke2 Ke7 18. f4 g4 19. Nd2 Nc5 20. b3 Rhf8 21. Rhd1
f5 22. Nf1 Ne4 23. c4 dxc4 24. bxc4 e5 25. fxe5 Bxe5 26. a4 Bxg3 27. Nxg3 Nxg3+
28. Kf2 Ne4+ 29. Ke2 Nd6 30. Rh1 Rf6 31. Rh5 Rc5 32. Kd3 Kf7 33. Nb3 Rc7 34. Nd2
Rd7 35. Ke2 Nb7 36. Nb3 Kg7 37. c5 bxc5 38. Nxc5 Nxc5 39. Rxc5 Kg6 40. Rh1 Rfd6
41. Rc2 Kg5 42. g3 Rb6 43. Ra2 Rb3 44. Re1 Rdd3 45. Kf2 Ra3 46. Rxa3 Rxa3 47.
e4 Rxa4 48. e5 Re4 49. Ra1 Rxe5 50. Rxa6 h5 51. Ra8 Re6 52. Rg8+ Rg6 53. Rf8 Rf6
54. Rg8+ Kh6 55. Rh8+ Kg6 56. Rg8+ Kh7 57. Rg5 Kh6 58. Rg8 f4 59. Rh8+ Kg6 60.
Rg8+ Kh7 61. Rg5 Kh6 62. Rg8 fxg3+ 63. Kxg3 Rf3+ 64. Kg2 Rd3 65. Kf2 Rh3 66. Kg2
Re3 67. Kf2 Re6 68. Kg3 Rg6 69. Rh8+ Kg5 70. Rh7 Rh6 71. Rg7+ Kf5 72. Rf7+ Ke6
73. Rf1 Ke5 74. Rf2 Rf6 75. Rh2 Rf3+ 76. Kh4 Kf4 77. Rg2 Rh3# 0-1

[Event "Druzynowe Mistrzostwa Polski Juniorow 2019 - II Liga"]
[Site "Szczyrk"]
[Date "1899-12-30"]
[Round "11.42"]
[White "Salamon, Julia"]
[Black "Filipiak, Magdalena"]
[Result "1-0"]
[WhiteTitle "I"]
[BlackTitle "I"]
[WhiteElo "1273"]
[BlackElo "1168"]

1. d4 d5 2. Nf3 Nf6 3. e3 Bf5 4. c4 e6 5. Nc3 c6 6. a3 Bd6 7. Be2 O-O 8. O-O Nbd7
9. h3 h6 10. Re1 Rc8 11. Bd2 Bb8 12. Rc1 Qc7 13. cxd5 Nxd5 14. Nxd5 exd5 15. Bb4
Rfe8 16. Bd3 Be4 17. g3 Qd8 18. Qe2 Qf6 19. Kg2 Qf5 20. Red1 Nf6 21. Be1 Nh7 22.
Bxe4 Qxe4 23. Qd3 Ng5 24. Qxe4 Nxe4 25. Rc2 g6 26. Rdc1 a6 27. a4 Bd6 28. b4 Rc7
29. b5 c5 30. Ba5 Rcc8 31. dxc5 Bf8 32. Nd4 axb5 33. axb5 Ra8 34. Bb6 Reb8 35.
Nb3 Be7 36. Na5 Nf6 37. Nb3 Ne4 38. Rd1 Nf6 39. Rdc1 Ne4 40. Nd4 Nf6 41. Nf3 Nd7
42. Bc7 Rc8 43. Bd6 Bxd6 44. cxd6 Rxc2 45. Rxc2 Nf6 46. Rc7 Rd8 47. Ne5 Rf8 48.
d7 Nxd7 49. Rxd7 b6 50. Rxd5 Ra8 51. Nc4 Rb8 52. Rd6 Kf8 53. Rxb6 Rc8 54. Nd6
Rc7 55. Rb7 Rxb7 56. Nxb7 Ke7 57. Nc5 Kd6 58. b6 Kc6 59. b7 Kc7 60. Kf3 Kb8 61.
Ke4 1-0

[Event "Druzynowe Mistrzostwa Polski Juniorow 2019 - II Liga"]
[Site "Szczyrk"]
[Date "1899-12-30"]
[Round "11.43"]
[White "Wnek, Filip"]
[Black "Rudzinska, Michalina"]
[Result "1/2-1/2"]
[WhiteTitle "I++"]
[BlackTitle "WFM"]
[WhiteElo "1749"]
[BlackElo "2143"]

1. e4 c5 2. Nf3 e6 3. c4 a6 4. Nc3 Nc6 5. d4 cxd4 6. Nxd4 Qc7 7. Be3 Nf6 8. Rc1
Bb4 9. f3 O-O 10. Be2 d5 11. exd5 exd5 12. O-O dxc4 13. Bxc4 Rd8 14. Ne4 Qe7 15.
Nxc6 bxc6 16. Qa4 Nd5 17. Bg5 f6 18. Qxc6 Bb7 19. Bxd5+ Rxd5 20. Bxf6 Qf7 21.
Qc7 Rd7 22. Qc4 Qxc4 23. Rxc4 a5 24. Rd4 Rxd4 25. Bxd4 Rd8 26. Be3 Re8 27. a3
Bf8 28. Bb6 a4 29. Nc3 Bc6 30. Bd4 Rd8 31. Be3 Rd3 32. Kf2 Bxa3 33. Rd1 Rxd1 34.
Nxd1 Bb4 35. Bc1 Bc5+ 36. Ke2 Bb5+ 37. Kd2 Bc4 38. Kc3 Bb3 39. Kd2 Bc4 40. Kc3
Bb3 41. Kd2 1/2-1/2

[Event "Druzynowe Mistrzostwa Polski Juniorow 2019 - II Liga"]
[Site "Szczyrk"]
[Date "1899-12-30"]
[Round "11.44"]
[White "Wierzbicki, Michal"]
[Black "Kozak, Karol"]
[Result "1-0"]
[WhiteTitle "I+"]
[BlackTitle "II"]
[WhiteElo "2007"]
[BlackElo "1295"]

1. d4 d5 2. Nf3 Nf6 3. c4 dxc4 4. Qa4+ Nbd7 5. Nc3 e6 6. Qxc4 Nb6 7. Qb3 Be7 8.
e4 O-O 9. h3 c5 10. Be3 cxd4 11. Bxd4 Nbd7 12. e5 Ne8 13. Rd1 Nc7 14. Bd3 b6 15.
Be4 Rb8 16. Qc2 h6 17. Be3 Qe8 18. Bc6 Na6 19. Qd2 Bc5 20. Bxd7 Bxe3 21. fxe3
Qe7 22. Qd6 Qd8 23. Bb5 Qxd6 24. exd6 Bb7 25. a3 Nc5 26. b4 Ne4 27. Nxe4 Bxe4
28. O-O Bb7 29. Ne5 Rbc8 30. d7 Rcd8 31. Bc6 Bc8 32. dxc8=Q Rxc8 33. Rd7 f6 34.
Ng6 Rxc6 35. Ne7+ 1-0

[Event "Druzynowe Mistrzostwa Polski Juniorow 2019 - II Liga"]
[Site "Szczyrk"]
[Date "1899-12-30"]
[Round "11.45"]
[White "Glaz, Michal"]
[Black "Czarniecki, Pawel"]
[Result "0-1"]
[WhiteTitle "II"]
[BlackTitle "II"]
[WhiteElo "1209"]
[BlackElo "1508"]

1. e4 c5 2. Nf3 e6 3. d4 cxd4 4. Nxd4 a6 5. Nc3 Qc7 6. g3 Nf6 7. Bg2 Be7 8. O-O
O-O 9. Re1 d6 10. Be3 Nc6 11. Nxc6 bxc6 12. Qf3 Rb8 13. b3 a5 14. Na4 d5 15. exd5
cxd5 16. Qd1 Rd8 17. Bf4 Bd6 18. Bxd6 Qxd6 19. Qd2 Qc7 20. Rad1 Ba6 21. Nb2 h6
22. Qc1 Rdc8 23. Rd2 Rb6 24. Qb1 Qc3 25. Red1 Bb5 26. a4 Ba6 27. Nd3 Bxd3 28.
cxd3 Rxb3 29. Qa1 Qxa1 30. Rxa1 Rcc3 31. Bf1 Nd7 32. d4 Nb6 33. Bb5 Ra3 34. Rda2
Rxa2 35. Rxa2 Rc1+ 36. Kg2 Rd1 37. Rc2 Rxd4 38. Ra2 Kf8 39. Kf3 Ke7 40. Ke3 Rb4
41. Kd3 Kd6 42. h4 e5 43. Kc3 f5 44. Kd3 Nc4 45. Ke2 Kc5 46. Kd3 e4+ 47. Ke2 d4
48. Kd1 d3 49. Bxc4 Kxc4 50. Kd2 Kd4 51. h5 Rb3 52. Ke1 Kc3 53. Kd1 Rb1# 0-1

[Event "Druzynowe Mistrzostwa Polski Juniorow 2019 - II Liga"]
[Site "Szczyrk"]
[Date "1899-12-30"]
[Round "11.46"]
[White "Pieczulis, Blazej"]
[Black "Rainer, Piotr"]
[Result "1/2-1/2"]
[WhiteTitle "I"]
[BlackTitle "I"]
[WhiteElo "1480"]
[BlackElo "1445"]

1. d4 Nf6 2. Nf3 e6 3. Bg5 h6 4. Bh4 Be7 5. e3 b6 6. Bd3 Bb7 7. Bxf6 Bxf6 8. e4
g6 9. Nbd2 O-O 10. O-O Bg7 11. c3 d6 12. Qe2 Nd7 13. Rad1 c5 14. Nc4 Qc7 15. Ne3
Rac8 16. d5 Nf6 17. c4 exd5 18. exd5 Rfe8 19. Qc2 Re7 20. Rfe1 Rce8 21. Re2 Bc8
22. Rde1 Ng4 23. h3 Ne5 24. Nxe5 Rxe5 25. Nd1 Rxe2 26. Rxe2 Rxe2 27. Qxe2 Kf8
28. Kf1 Qe7 29. b3 Bd4 30. Ne3 Bxe3 31. fxe3 Qf6+ 32. Kg1 Bf5 33. Bxf5 Qxf5 34.
Qd2 Ke7 35. Qe2 Qe4 36. Qf2 a6 37. Qe2 Qb1+ 38. Kh2 Qe4 39. Kg1 f5 40. Kf2 Kf6
41. Qb2+ Qe5 42. Qd2 1/2-1/2

[Event "Druzynowe Mistrzostwa Polski Juniorow 2019 - II Liga"]
[Site "Szczyrk"]
[Date "1899-12-30"]
[Round "11.47"]
[White "Zablocka, Katarzyna"]
[Black "Choinska, Debora"]
[Result "0-1"]
[WhiteTitle "I"]
[BlackTitle "I++"]
[WhiteElo "1255"]
[BlackElo "1737"]

1. e4 d6 2. d4 Nf6 3. Nc3 Nbd7 4. Nf3 e5 5. Bc4 Be7 6. O-O O-O 7. Re1 c6 8. a4
exd4 9. Nxd4 Ne5 10. Ba2 Re8 11. h3 Bf8 12. Be3 h6 13. f4 Ng6 14. Qd3 Nh8 15.
Re2 c5 16. Nf3 Be6 17. Nd5 Nxd5 18. Bxd5 Bxd5 19. Qxd5 Qe7 20. Nd2 Ng6 21. Rae1
Qc7 22. Nc4 b6 23. b3 a6 24. Na3 Rad8 25. c4 Ne7 26. Qd3 Nc6 27. Nc2 Be7 28. Bd2
Bh4 29. g3 Be7 30. Bc3 Qc8 31. Kh2 Qb7 32. Ne3 Bf8 33. Nd5 Rb8 34. Rb2 Red8 35.
Reb1 b5 36. axb5 axb5 37. Kg2 b4 38. Bd2 Ra8 39. Be3 Ra3 40. Qc2 Rda8 41. Kf3
R8a6 42. h4 Qa7 43. Kg2 Ra2 44. Rxa2 Rxa2 45. Rb2 Rxb2 46. Qxb2 Qa3 47. Qxa3 bxa3
48. Nc3 Nb4 49. Bc1 a2 50. Bb2 g6 51. Kf3 Bg7 52. Ke2 Nc2 53. Nxa2 Bxb2 54. Kd2
Nd4 55. b4 cxb4 56. Nxb4 Ba3 57. Nd3 f6 58. Ke3 Bc5 59. Kd2 Kf7 60. Ke1 Ke6 61.
Kd2 Nc6 62. Kc3 Bd4+ 63. Kd2 Na5 64. Nc1 Bf2 65. Ne2 Nxc4+ 66. Kd3 Nb2+ 67. Kc2
Na4 68. Kd3 Nc5+ 0-1

[Event "Druzynowe Mistrzostwa Polski Juniorow 2019 - II Liga"]
[Site "Szczyrk"]
[Date "1899-12-30"]
[Round "11.48"]
[White "Walendykiewicz, Martyna"]
[Black "Gaczol, Julia"]
[Result "0-1"]
[WhiteTitle "I"]
[BlackTitle "I"]
[WhiteElo "1221"]
[BlackElo "1338"]

1. c4 e5 2. Nc3 Nf6 3. g3 Be7 4. Bg2 O-O 5. Nf3 d6 6. d3 c6 7. O-O Qc7 8. Qc2 d5
9. e3 h6 10. Bd2 Be6 11. b3 Nbd7 12. Qb2 Nc5 13. Ne1 dxc4 14. dxc4 Rfd8 15. e4
a5 16. Be3 Ng4 17. Bxc5 Bxc5 18. Bf3 Rd6 19. Qe2 Qd7 20. Rd1 Rxd1 21. Qxd1 Rd8
22. Qxd7 Rxd7 23. Bxg4 Bxg4 24. Kg2 Bb4 25. f3 Rd2+ 26. Rf2 Bh3+ 27. Kg1 Bc5 0-1

[Event "Druzynowe Mistrzostwa Polski Juniorow 2019 - II Liga"]
[Site "Szczyrk"]
[Date "1899-12-30"]
[Round "11.49"]
[White "Gorkiewicz, Mateusz"]
[Black "Trybus, Daniel"]
[Result "1/2-1/2"]
[WhiteTitle "I"]
[BlackTitle "I++"]
[WhiteElo "1985"]
[BlackElo "1957"]

1. e4 c5 2. Nf3 Nf6 3. Nc3 d5 4. exd5 Nxd5 5. Nxd5 Qxd5 6. d4 cxd4 7. Qxd4 Qxd4
8. Nxd4 a6 9. f4 e6 10. Be3 b5 11. a4 b4 12. Kf2 Bb7 13. Bd3 Nd7 14. Nb3 Nf6 15.
Bc5 Ne4+ 16. Bxe4 Bxe4 17. Bxf8 Rxf8 18. Nd4 Ke7 19. Rhe1 f5 20. a5 Rfd8 21. Rxe4
fxe4 22. Nc6+ Kf6 23. Nxd8 Rxd8 24. Ke3 Rc8 25. Rc1 Rc5 26. c4 bxc3 27. Rxc3 Rxa5
28. Kxe4 Ra2 29. Rb3 Ra4+ 30. Kf3 h5 31. g3 g6 32. Rb6 Ra1 33. h3 h4 34. gxh4
Rf1+ 35. Kg3 Rg1+ 36. Kf2 Rh1 37. Kg2 Ra1 38. Kg3 1/2-1/2

[Event "Druzynowe Mistrzostwa Polski Juniorow 2019 - II Liga"]
[Site "Szczyrk"]
[Date "1899-12-30"]
[Round "11.50"]
[White "Sloniewski, Michal"]
[Black "Lambrecht, Tomasz"]
[Result "1/2-1/2"]
[WhiteTitle "I"]
[BlackTitle "II+"]
[WhiteElo "1744"]
[BlackElo "1601"]

1. Nf3 c5 2. g3 g6 3. Bg2 Bg7 4. O-O Nc6 5. c4 e5 6. Nc3 d6 7. Rb1 Nge7 8. a3 a5
9. Ne1 Be6 10. d3 d5 11. cxd5 Nxd5 12. Nc2 O-O 13. Nxd5 Bxd5 14. b4 cxb4 15. axb4
a4 16. b5 Bxg2 17. Kxg2 Nd4 18. Ba3 Re8 19. Nxd4 Qxd4 20. Qc2 Rec8 21. Qa2 b6
22. Rfc1 Bf8 23. Bb2 Rxc1 24. Rxc1 Qb4 25. Bxe5 Qxb5 26. Rc7 Qe8 27. Ba1 a3 28.
Qd5 Bg7 29. Rxf7 Qxf7 30. Qxa8+ Qf8 31. Qd5+ Qf7 32. Qd8+ Qf8 1/2-1/2

[Event "Druzynowe Mistrzostwa Polski Juniorow 2019 - II Liga"]
[Site "Szczyrk"]
[Date "1899-12-30"]
[Round "11.51"]
[White "Kolodziejski, Piotr"]
[Black "Pazdzierz, Piotr"]
[Result "1-0"]
[WhiteTitle "I"]
[BlackTitle "I"]
[WhiteElo "1666"]
[BlackElo "1722"]

1. e4 c5 2. Nf3 d6 3. d4 cxd4 4. Nxd4 Nf6 5. Nc3 Nc6 6. Bg5 Bd7 7. Qd2 Rc8 8. f3
Nxd4 9. Qxd4 Qa5 10. Bxf6 gxf6 11. Bd3 Bh6 12. Qd5 Qb6 13. Nd1 a6 14. c3 Be3 15.
Nxe3 Qxe3+ 16. Be2 Rg8 17. g3 Rg5 18. Qd2 Qb6 19. f4 Rgc5 20. c4 a5 21. b3 Bc6
22. Qe3 Qb4+ 23. Kf2 Qa3 24. Rhd1 b5 25. Rd2 bxc4 26. bxc4 Qxe3+ 27. Kxe3 Bb7
28. Rc1 d5 29. Rb1 d4+ 30. Rxd4 Ba6 31. Rc1 e6 32. Bd3 Ke7 33. f5 e5 34. Rd5 Bb7
35. Rxc5 Rxc5 36. Rb1 Ba6 37. Kd2 Kd7 38. Kc3 Kc7 39. g4 Kd7 40. Rb8 Bc8 41. Rb5
Kc6 42. Rb2 Kd7 43. Rg2 Ke7 44. Rg3 Kf8 45. g5 fxg5 46. Rxg5 f6 47. Rg2 Rc6 48.
h4 Ba6 49. h5 Rc7 50. h6 Bb7 51. Rb2 Bc6 52. Rb8+ Ke7 53. Rg8 Bb7 54. Rg7+ Kd6
55. a3 Ba8 56. Bc2 Bb7 57. Kd3 Ba6 58. Rxc7 Kxc7 59. Ba4 Kd8 60. Bc6 Ke7 61. Bd5
Kf8 62. Kc3 Bc8 63. c5 1-0

[Event "Druzynowe Mistrzostwa Polski Juniorow 2019 - II Liga"]
[Site "Szczyrk"]
[Date "1899-12-30"]
[Round "11.52"]
[White "Mocko, Maciej"]
[Black "Musin, Pawel"]
[Result "1-0"]
[WhiteTitle "II"]
[BlackTitle "II"]
[WhiteElo "1385"]
[BlackElo "1181"]

1. e4 e5 2. Nf3 Nc6 3. Bc4 Bc5 4. c3 Nf6 5. d4 exd4 6. cxd4 Bb4+ 7. Nc3 Nxe4 8.
O-O Bxc3 9. d5 Na5 10. Qe2 O-O 11. Qxe4 Nxc4 12. Ng5 f5 13. Qxc4 Bxb2 14. d6+
Kh8 15. Qh4 Qxg5 16. Bxg5 Bxa1 17. Rxa1 cxd6 18. Be7 Re8 19. Bxd6 b6 20. Qh3 Bb7
21. Qxf5 Re6 22. Rd1 Rae8 23. h4 h6 24. Qf7 Bc6 25. Bf8 Rxf8 26. Qxf8+ Kh7 27.
Rd3 Rf6 28. Qe7 Re6 29. Qd8 Re1+ 30. Kh2 Re4 31. Rg3 Rxh4+ 32. Qxh4 Bxg2 33. Kxg2
b5 34. Qe7 Kh8 35. Qxg7# 1-0

[Event "Druzynowe Mistrzostwa Polski Juniorow 2019 - II Liga"]
[Site "Szczyrk"]
[Date "1899-12-30"]
[Round "11.53"]
[White "Karlyk, Maria"]
[Black "Zarebska, Lena"]
[Result "0-1"]
[WhiteTitle "I"]
[BlackTitle "I++"]
[WhiteElo "1703"]
[BlackElo "1773"]

1. e4 c5 2. Nc3 Nc6 3. d3 g6 4. Be3 d6 5. g3 Bg7 6. Bg2 e5 7. Nge2 Nge7 8. f4 O-O
9. O-O Nd4 10. Qd2 Bg4 11. h3 Bxe2 12. Nxe2 Nxe2+ 13. Qxe2 Qd7 14. c3 exf4 15.
gxf4 f5 16. Rad1 Rae8 17. Qf2 Qa4 18. a3 b5 19. e5 dxe5 20. Bxc5 e4 21. Bxa7 Nc8
22. Bc5 Rf7 23. dxe4 fxe4 24. Qe3 Bf8 25. Bxf8 Rfxf8 26. Rd4 Qa7 27. Bxe4 Nd6
28. Bd5+ Kh8 29. Qf2 Nf5 30. Re4 Qd7 31. Rxe8 Rxe8 32. Bf3 Qd3 33. Rd1 Qc4 34.
Bd5 Qc7 35. Rd3 Re7 36. Kg2 Qc8 37. Bf3 Qe8 38. Qd2 Kg7 39. Rd8 Ne3+ 40. Kf2 Qf7
41. Qd4+ Kh6 42. Qc5 Nf5 43. Bg4 Qe6 44. Rd1 Qe4 45. Qd5 Qe3+ 46. Kf1 Ng3+ 47.
Kg2 Ne4 48. Qd3 Qf2+ 0-1

[Event "Druzynowe Mistrzostwa Polski Juniorow 2019 - II Liga"]
[Site "Szczyrk"]
[Date "1899-12-30"]
[Round "11.54"]
[White "Anyz, Monika"]
[Black "Krzyston, Katarzyna"]
[Result "1-0"]
[WhiteTitle "I+"]
[BlackTitle "II"]
[WhiteElo "1404"]
[BlackElo "1000"]

1. e4 e5 2. Nf3 Nc6 3. d4 exd4 4. Bc4 Nf6 5. e5 d5 6. Bb5 Nd7 7. O-O Be7 8. Bxc6
bxc6 9. Nxd4 Nb8 10. Nb3 O-O 11. Be3 Bf5 12. N1d2 Re8 13. f4 f6 14. exf6 Bxf6
15. Bd4 Bxd4+ 16. Nxd4 Qf6 17. N2b3 Nd7 18. Nxf5 Qxf5 19. Qd2 Nf6 20. Qc3 Qd7
21. Nd4 Ne4 22. Qxc6 Qxc6 23. Nxc6 Re6 24. Ne5 Rf8 25. Rad1 c6 26. g3 Rb8 27.
b3 Nc3 28. Ra1 Rb4 29. Rfe1 Kf8 30. a4 Ne4 31. Rad1 Ke7 32. Nd3 Rb8 33. f5 Rf6
34. Nf2 Rxf5 35. Nxe4 dxe4 36. Rxe4+ Kf8 37. Rd7 Ra8 38. Ree7 Rc5 39. Rxg7 Rxc2
40. Rxh7 Kg8 41. Rxa7 Rd8 42. Rag7+ Kf8 43. Rh8+ Kxg7 44. Rxd8 Rb2 45. Rd3 Kg6
46. Rc3 Kh5 47. Rxc6 Rxb3 48. Rc4 Rb6 49. Rc2 Kg4 50. Kg2 Ra6 51. Rc4+ Kh5 52.
h3 Kg5 53. Rc5+ Kg6 54. a5 Kh6 55. Rb5 Kg7 56. g4 Kh7 57. h4 Kg7 58. Kg3 Kh7 59.
g5 Kg7 60. Kg4 Kh7 61. h5 Kg7 62. h6+ Kh7 63. Kh5 Rg6 64. Rb7+ Kg8 65. Kxg6 Kh8
66. Rb8# 1-0

[Event "Druzynowe Mistrzostwa Polski Juniorow 2019 - II Liga"]
[Site "Szczyrk"]
[Date "1899-12-30"]
[Round "11.55"]
[White "Radecki, Adam"]
[Black "Twardowski, Hubert"]
[Result "1/2-1/2"]
[WhiteTitle "I"]
[BlackTitle "I"]
[WhiteElo "1803"]
[BlackElo "1830"]

1. e4 c6 2. d4 d5 3. Nc3 dxe4 4. Nxe4 Bf5 5. Ng3 Bg6 6. Nh3 e6 7. Nf4 Nf6 8. c3
Bd6 9. Qf3 Nbd7 10. h4 e5 11. Nxg6 hxg6 12. Ne4 Nxe4 13. Qxe4 Nf6 14. Qe2 Qe7
15. dxe5 Bxe5 16. Be3 O-O-O 17. g3 Rhe8 18. Qf3 Ne4 19. Bh3+ Kb8 20. O-O Nd2 21.
Bxd2 Rxd2 22. Rad1 Red8 23. Rxd2 Rxd2 24. Qe3 Rd8 25. Re1 Re8 26. Qd3 Qc7 27.
Qe4 Re7 28. Qd3 Bf6 29. Rd1 a6 30. Bg2 Ka7 31. a4 Re8 32. Qc4 Rd8 33. Rxd8 Bxd8
34. b4 Bf6 35. b5 axb5 36. axb5 Kb6 37. bxc6 bxc6 38. Bf1 Ka7 39. Qa6+ Kb8 40.
Bg2 Qb7 41. Qxc6 Qxc6 42. Bxc6 Bxc3 43. Be8 f6 44. Bxg6 Kc7 45. Kg2 Kd6 46. Kf3
Ke5 47. Ke2 f5 48. Be8 Bd4 49. f3 1/2-1/2

[Event "Druzynowe Mistrzostwa Polski Juniorow 2019 - II Liga"]
[Site "Szczyrk"]
[Date "1899-12-30"]
[Round "11.56"]
[White "Sulima, Franciszek"]
[Black "Distel, Pawel"]
[Result "0-1"]
[WhiteTitle "II"]
[BlackTitle "I"]
[WhiteElo "1357"]
[BlackElo "1675"]

1. d4 Nf6 2. Nf3 g6 3. Bg5 Bg7 4. Nbd2 h6 5. Bh4 O-O 6. e4 d6 7. Bc4 c6 8. O-O
Nbd7 9. c3 g5 10. Bg3 Nh5 11. Qc2 e5 12. Rad1 Qe7 13. dxe5 dxe5 14. Rfe1 Bf6 15.
Nf1 g4 16. N3d2 Bg5 17. Ne3 Nb6 18. Bb3 Ng7 19. f3 h5 20. fxg4 Bxe3+ 21. Rxe3
h4 22. Bf2 Bxg4 23. Nf3 h3 24. g3 Qf6 25. Rdd3 c5 26. c4 Ne6 27. Qc1 Rad8 28.
Bd1 Nd4 29. Nd2 Qg6 30. b3 Rd6 31. Nb1 Rfd8 32. Bxg4 Qxg4 33. Qd2 Nc8 34. Be1
Ne2+ 35. Kf2 Rf6+ 36. Rf3 Rxf3+ 37. Rxf3 Rxd2 38. Nxd2 0-1

[Event "Druzynowe Mistrzostwa Polski Juniorow 2019 - II Liga"]
[Site "Szczyrk"]
[Date "1899-12-30"]
[Round "11.57"]
[White "Kubik, Rafal"]
[Black "Trzebinski, Patryk"]
[Result "1-0"]
[WhiteTitle "II+"]
[BlackTitle "I"]
[WhiteElo "1473"]
[BlackElo "1679"]

1. e4 d5 2. exd5 Nf6 3. d4 Nxd5 4. c4 Nb6 5. Nf3 Bg4 6. Be2 e6 7. O-O Nc6 8. Nc3
Be7 9. d5 exd5 10. cxd5 Bxf3 11. Bxf3 Ne5 12. Be4 Qd7 13. Qh5 Ng6 14. f4 Bc5+
15. Kh1 Ne7 16. a4 g6 17. Qd1 f5 18. Bf3 O-O-O 19. Qb3 Nbxd5 20. Rd1 c6 21. Bd2
Qc7 22. Nxd5 Nxd5 23. Rac1 Qb6 24. Qc4 Ne3 25. Qe6+ Kb8 26. a5 Qc7 27. Bc3 Nxd1
28. Be5 Nf2+ 29. Kg1 Nd3+ 30. Rxc5 Nxe5 31. fxe5 Rhe8 32. Qb3 Rxe5 33. Rxc6 Qd7
34. Rd6 Qe7 35. Rxd8+ Kc7 36. Rd4 Kb8 37. a6 Re1+ 38. Kf2 b6 39. Qc3 Re5 40. Qc6
Rc5 41. Qa8+ Kc7 42. Qb7# 1-0

[Event "Druzynowe Mistrzostwa Polski Juniorow 2019 - II Liga"]
[Site "Szczyrk"]
[Date "1899-12-30"]
[Round "11.58"]
[White "Dembicki, Karol"]
[Black "Karwot, Marek"]
[Result "0-1"]
[WhiteTitle "II"]
[BlackTitle "II"]
[WhiteElo "1397"]
[BlackElo "1107"]

1. e4 c5 2. Nf3 a6 3. d4 cxd4 4. Nxd4 Nf6 5. Nc3 e5 6. Nde2 Bc5 7. Ng3 Qb6 8. Qf3
Nc6 9. Nf5 O-O 10. Bd3 Nd4 11. Qg3 Nxf5 12. exf5 Kh8 13. O-O Qc7 14. Bg5 b5 15.
Qh4 Qc6 16. Ne4 Nxe4 17. Bxe4 d5 18. Bd3 e4 19. Be2 Bxf5 20. Kh1 f6 21. Bd2 Rac8
22. Qf4 Qe6 23. c3 g5 24. Qg3 Kg7 25. Be3 Bd6 26. f4 Kf7 27. Qf2 g4 28. Rad1 h5
29. Qh4 Rh8 30. Rd2 Bc5 31. Bxc5 Rxc5 32. Rfd1 Qd6 33. b4 Rxc3 34. Rxd5 Qxf4 35.
Rf1 Rc1 36. Rxf5 Rxf1+ 37. Bxf1 Qxf5 38. Be2 e3 39. Qe1 Rd8 40. Qc1 Rd2 41. Qc7+
Kg6 42. Qb8 Rd1+ 43. Bxd1 Qf1# 0-1

[Event "Druzynowe Mistrzostwa Polski Juniorow 2019 - II Liga"]
[Site "Szczyrk"]
[Date "1899-12-30"]
[Round "11.59"]
[White "Robakowska, Paulina"]
[Black "Filipska, Maja"]
[Result "0-1"]
[WhiteTitle "I"]
[BlackTitle "I++"]
[WhiteElo "1291"]
[BlackElo "1602"]

1. d4 Nf6 2. c4 e5 3. dxe5 Ng4 4. Bf4 Nc6 5. Nf3 Bb4+ 6. Nc3 Qe7 7. Qb3 Na5 8.
Qc2 Nxc4 9. a3 Bc5 10. Ne4 b5 11. e3 Bb6 12. Bxc4 bxc4 13. Qxc4 h5 14. O-O Bb7
15. h3 f6 16. hxg4 hxg4 17. exf6 gxf6 18. Nxf6+ Qxf6 19. Be5 Qg6 20. Bxh8 gxf3
21. g3 O-O-O 22. Qh4 Rf8 23. Rac1 Rf7 24. Be5 Bc6 25. Bf4 Rh7 26. Qg5 Qe8 27.
Be5 Rh5 28. Qg4 Qxe5 29. Rxc6 Qh8 30. Rxc7+ Bxc7 31. Qxf3 Kb8 32. Qe4 Qe5 33.
Qg6 Rh8 34. Qg4 Qe7 35. Qb4+ Qxb4 36. axb4 Bd6 37. Rd1 Kc7 38. f4 Bxb4 39. Kg2
Be7 40. e4 Rb8 41. Rd2 Kd8 42. Kf3 Ke8 43. Kg4 d6 44. Kf5 Kd7 45. e5 Rg8 46. Rd3
Rf8+ 47. Ke4 Ke6 48. exd6 Bxd6 49. Rf3 a5 50. b3 Rb8 51. f5+ Kf6 52. Kd5 Be7 53.
Ke4 Rb5 54. Kf4 Rb4+ 55. Ke3 Rxb3+ 56. Ke2 Rxf3 57. Kxf3 a4 0-1